[Event "April 9 Early 2024"]
[Site "Chess.com"]
[Date "2024.04.09"]
[Round "5"]
[White "Ritviz, Parab"]
[Black "Diaz Perez, Michel Alejandro"]
[Result "1-0"]
[Board "124"]
[WhiteFideId "5073367"]
[BlackFideId "3517179"]
[WhiteTitle "IM"]
[BlackTitle "IM"]
[WhiteElo "2508"]
[BlackElo "2638"]
[WhiteTeam "IND"]
[BlackTeam "CUB"]
[WhiteClock "0:00:07"]
[BlackClock "0:00:10"]
[Variant "Standard"]

1. e4 {[%clk 0:02:57]}  d6 {[%clk 0:02:59]} 2. d4 {[%clk 0:02:55]}  Nf6 {[%clk 0:02:59]} 3. Nc3 {[%clk 0:02:56]}  c6 {[%clk 0:02:59]} 4. a4 {[%clk 0:02:54]}  Qa5 {[%clk 0:02:59]} 5. Bd2 {[%clk 0:02:50]}  e5 {[%clk 0:02:59]} 6. Nge2 {[%clk 0:02:47]}  Nbd7 {[%clk 0:02:53]} 7. g3 {[%clk 0:02:43]}  h5 {[%clk 0:02:50]} 8. h3 {[%clk 0:02:41]}  Qc7 {[%clk 0:02:33]} 9. Bg2 {[%clk 0:02:39]}  Be7 {[%clk 0:02:30]} 10. O-O {[%clk 0:02:38]}  a5 {[%clk 0:02:29]} 11. Be3 {[%clk 0:02:32]}  O-O {[%clk 0:02:27]} 12. f4 {[%clk 0:02:23]}  b6 {[%clk 0:02:23]} 13. Qe1 {[%clk 0:02:19]}  Re8 {[%clk 0:02:20]} 14. Qf2 {[%clk 0:02:19]}  Bf8 {[%clk 0:02:19]} 15. Rad1 {[%clk 0:02:18]}  Ba6 {[%clk 0:02:18]} 16. Rfe1 {[%clk 0:02:16]}  exd4 {[%clk 0:02:15]} 17. Nxd4 {[%clk 0:02:13]}  Nc5 {[%clk 0:02:14]} 18. e5 {[%clk 0:01:38]}  dxe5 {[%clk 0:02:12]} 19. fxe5 {[%clk 0:01:39]}  Nd5 {[%clk 0:02:04]} 20. Nxd5 {[%clk 0:01:28]}  cxd5 {[%clk 0:02:05]} 21. Bxd5 {[%clk 0:01:28]}  Rad8 {[%clk 0:02:03]} 22. c4 {[%clk 0:01:22]}  Bb7 {[%clk 0:01:55]} 23. Nb5 {[%clk 0:01:20]}  Qe7 {[%clk 0:01:53]} 24. Bxc5 {[%clk 0:01:02]}  bxc5 {[%clk 0:01:46]} 25. Nd6 {[%clk 0:01:02]}  Bxd5 {[%clk 0:01:43]} 26. cxd5 {[%clk 0:01:00]}  Qd7 {[%clk 0:01:35]} 27. Nxe8 {[%clk 0:00:59]}  Rxe8 {[%clk 0:01:35]} 28. d6 {[%clk 0:00:59]}  Qxh3 {[%clk 0:01:32]} 29. Re3 {[%clk 0:00:49]}  c4 {[%clk 0:01:27]} 30. Re4 {[%clk 0:00:43]}  Qe6 {[%clk 0:01:12]} 31. Qd4 {[%clk 0:00:36]}  Qh3 {[%clk 0:01:04]} 32. Qe3 {[%clk 0:00:35]}  Rb8 {[%clk 0:00:50]} 33. Rh4 {[%clk 0:00:16]}  Qe6 {[%clk 0:00:42]} 34. Qc3 {[%clk 0:00:11]}  g5 {[%clk 0:00:36]} 35. Rxc4 {[%clk 0:00:08]}  Bg7 {[%clk 0:00:31]} 36. d7 {[%clk 0:00:08]}  Kh7 {[%clk 0:00:26]} 37. d8=Q {[%clk 0:00:06]}  Rxd8 {[%clk 0:00:26]} 38. Rxd8 {[%clk 0:00:07]}  Bxe5 {[%clk 0:00:26]} 39. Qd3+ {[%clk 0:00:07]}  Kg7 {[%clk 0:00:26]} 40. Re4 {[%clk 0:00:06]}  Qb6+ {[%clk 0:00:25]} 41. Kg2 {[%clk 0:00:06]}  Bf6 {[%clk 0:00:24]} 42. Rd6 {[%clk 0:00:06]}  Qxb2+ {[%clk 0:00:24]} 43. Re2 {[%clk 0:00:06]}  Qb7+ {[%clk 0:00:24]} 44. Qf3 {[%clk 0:00:06]}  Qxf3+ {[%clk 0:00:19]} 45. Kxf3 {[%clk 0:00:07]}  g4+ {[%clk 0:00:19]} 46. Kg2 {[%clk 0:00:07]}  Bc3 {[%clk 0:00:19]} 47. Rd5 {[%clk 0:00:07]}  Kg6 {[%clk 0:00:18]} 48. Rc2 {[%clk 0:00:06]}  Bb4 {[%clk 0:00:18]} 49. Rc6+ {[%clk 0:00:07]}  f6 {[%clk 0:00:18]} 50. Rb6 {[%clk 0:00:07]}  Bc3 {[%clk 0:00:18]} 51. Rbb5 {[%clk 0:00:08]}  Kf7 {[%clk 0:00:13]} 52. Rxh5 {[%clk 0:00:08]}  Ke6 {[%clk 0:00:13]} 53. Rh4 {[%clk 0:00:07]}  f5 {[%clk 0:00:13]} 54. Rh5 {[%clk 0:00:07]}  f4 {[%clk 0:00:10]} 55. gxf4 {[%clk 0:00:07]} 1-0

[Event "April 9 Early 2024"]
[Site "Chess.com"]
[Date "2024.04.10"]
[Round "5"]
[White "Filindash, Nikita"]
[Black "Borgaonkar Akshay"]
[Result "0-1"]
[Board "126"]
[WhiteFideId "34159983"]
[BlackFideId "25639110"]
[WhiteTitle "CM"]
[BlackTitle "FM"]
[WhiteElo "2502"]
[BlackElo "2636"]
[WhiteTeam "CZE"]
[BlackTeam "IND"]
[WhiteClock "0:00:14"]
[BlackClock "0:01:12"]
[Variant "Standard"]

1. d4 {[%clk 0:02:56]}  e6 {[%clk 0:02:56]} 2. c4 {[%clk 0:02:56]}  b6 {[%clk 0:02:55]} 3. Nc3 {[%clk 0:02:56]}  Bb7 {[%clk 0:02:56]} 4. e4 {[%clk 0:02:57]}  Bb4 {[%clk 0:02:56]} 5. Bd3 {[%clk 0:02:55]}  Nf6 {[%clk 0:02:54]} 6. Qc2 {[%clk 0:02:52]}  d5 {[%clk 0:02:46]} 7. cxd5 {[%clk 0:02:28]}  exd5 {[%clk 0:02:43]} 8. e5 {[%clk 0:02:27]}  Ne4 {[%clk 0:02:41]} 9. Ne2 {[%clk 0:02:27]}  c5 {[%clk 0:02:37]} 10. O-O {[%clk 0:02:24]}  Nc6 {[%clk 0:02:34]} 11. Nxe4 {[%clk 0:02:22]}  dxe4 {[%clk 0:02:28]} 12. Bxe4 {[%clk 0:02:23]}  Nxd4 {[%clk 0:02:05]} 13. Nxd4 {[%clk 0:02:12]}  Bxe4 {[%clk 0:02:04]} 14. Qxe4 {[%clk 0:02:12]}  cxd4 {[%clk 0:02:05]} 15. Rd1 {[%clk 0:02:10]}  Rc8 {[%clk 0:01:50]} 16. Be3 {[%clk 0:02:03]}  Bc5 {[%clk 0:01:39]} 17. Bxd4 {[%clk 0:02:02]}  Bxd4 {[%clk 0:01:39]} 18. Rxd4 {[%clk 0:02:02]}  Qc7 {[%clk 0:01:36]} 19. e6 {[%clk 0:01:55]}  O-O {[%clk 0:01:27]} 20. exf7+ {[%clk 0:01:21]}  Qxf7 {[%clk 0:01:28]} 21. Qd5 {[%clk 0:01:15]}  Qxd5 {[%clk 0:01:27]} 22. Rxd5 {[%clk 0:01:16]}  Rc2 {[%clk 0:01:27]} 23. f3 {[%clk 0:01:05]}  Rxb2 {[%clk 0:01:28]} 24. Rd7 {[%clk 0:01:04]}  Rc8 {[%clk 0:01:28]} 25. Rxa7 {[%clk 0:01:00]}  Rcc2 {[%clk 0:01:27]} 26. Rd1 {[%clk 0:00:57]}  Rxg2+ {[%clk 0:01:26]} 27. Kf1 {[%clk 0:00:54]}  h5 {[%clk 0:01:23]} 28. Rd8+ {[%clk 0:00:46]}  Kh7 {[%clk 0:01:22]} 29. Rdd7 {[%clk 0:00:47]}  Kh6 {[%clk 0:01:19]} 30. Rd6+ {[%clk 0:00:35]}  g6 {[%clk 0:01:18]} 31. h4 {[%clk 0:00:26]}  Rh2 {[%clk 0:01:16]} 32. Kg1 {[%clk 0:00:21]}  Rhc2 {[%clk 0:01:16]} 33. Rd1 {[%clk 0:00:20]}  Rg2+ {[%clk 0:01:16]} 34. Kf1 {[%clk 0:00:19]}  Rh2 {[%clk 0:01:13]} 35. Kg1 {[%clk 0:00:19]}  Rxh4 {[%clk 0:01:14]} 36. Rdd7 {[%clk 0:00:19]}  Rhh2 {[%clk 0:01:13]} 37. Rh7+ {[%clk 0:00:17]}  Kg5 {[%clk 0:01:13]} 38. Raf7 {[%clk 0:00:17]}  Rhc2 {[%clk 0:01:12]} 39. f4+ {[%clk 0:00:14]}  Kg4 {[%clk 0:01:12]} 0-1

[Event "April 9 Early 2024"]
[Site "Chess.com"]
[Date "2024.04.09"]
[Round "5"]
[White "Berezin, Viktor"]
[Black "Kvaloy, Aksel Bu"]
[Result "0-1"]
[Board "128"]
[WhiteFideId "14107872"]
[BlackFideId "1528815"]
[WhiteTitle "FM"]
[BlackTitle "IM"]
[WhiteElo "2501"]
[BlackElo "2634"]
[WhiteTeam "UKR"]
[BlackTeam "NOR"]
[WhiteClock "0:00:08"]
[BlackClock "0:01:20"]
[Variant "Standard"]

1. e4 {[%clk 0:03:00]}  e5 {[%clk 0:02:59]} 2. Nf3 {[%clk 0:02:58]}  Nf6 {[%clk 0:02:56]} 3. Nc3 {[%clk 0:02:56]}  Nc6 {[%clk 0:02:55]} 4. Bb5 {[%clk 0:02:56]}  Bd6 {[%clk 0:02:54]} 5. O-O {[%clk 0:02:54]}  O-O {[%clk 0:02:52]} 6. d3 {[%clk 0:02:54]}  a6 {[%clk 0:02:52]} 7. Ba4 {[%clk 0:02:52]}  b5 {[%clk 0:02:52]} 8. Bb3 {[%clk 0:02:51]}  Be7 {[%clk 0:02:52]} 9. Bg5 {[%clk 0:02:38]}  d6 {[%clk 0:02:51]} 10. Ne2 {[%clk 0:02:36]}  Na5 {[%clk 0:02:49]} 11. Bxf6 {[%clk 0:02:32]}  Bxf6 {[%clk 0:02:46]} 12. Ng3 {[%clk 0:02:32]}  Nxb3 {[%clk 0:02:46]} 13. axb3 {[%clk 0:02:33]}  g6 {[%clk 0:02:45]} 14. d4 {[%clk 0:02:32]}  Bg4 {[%clk 0:02:42]} 15. dxe5 {[%clk 0:02:31]}  Bxe5 {[%clk 0:02:40]} 16. c3 {[%clk 0:02:24]}  Qf6 {[%clk 0:02:37]} 17. h3 {[%clk 0:02:21]}  Bxf3 {[%clk 0:02:34]} 18. Qxf3 {[%clk 0:02:21]}  Qxf3 {[%clk 0:02:27]} 19. gxf3 {[%clk 0:02:22]}  a5 {[%clk 0:02:25]} 20. Ne2 {[%clk 0:02:19]}  b4 {[%clk 0:02:24]} 21. Rfc1 {[%clk 0:02:06]}  c5 {[%clk 0:02:22]} 22. Ra2 {[%clk 0:01:57]}  Rfb8 {[%clk 0:02:16]} 23. c4 {[%clk 0:01:50]}  a4 {[%clk 0:02:15]} 24. Rxa4 {[%clk 0:01:40]}  Rxa4 {[%clk 0:02:11]} 25. bxa4 {[%clk 0:01:35]}  Bxb2 {[%clk 0:02:10]} 26. Rb1 {[%clk 0:01:33]}  Be5 {[%clk 0:02:11]} 27. f4 {[%clk 0:01:32]}  Bg7 {[%clk 0:02:07]} 28. Rb3 {[%clk 0:01:24]}  Ra8 {[%clk 0:02:03]} 29. Ng3 {[%clk 0:01:20]}  Rxa4 {[%clk 0:02:01]} 30. e5 {[%clk 0:01:20]}  dxe5 {[%clk 0:01:58]} 31. Ne4 {[%clk 0:01:20]}  Ra3 {[%clk 0:01:56]} 32. Nxc5 {[%clk 0:01:08]}  Rxb3 {[%clk 0:01:51]} 33. Nxb3 {[%clk 0:01:09]}  exf4 {[%clk 0:01:50]} 34. Kg2 {[%clk 0:01:07]}  Kf8 {[%clk 0:01:47]} 35. Kf3 {[%clk 0:01:07]}  Be5 {[%clk 0:01:33]} 36. Ke4 {[%clk 0:01:05]}  f6 {[%clk 0:01:32]} 37. c5 {[%clk 0:00:46]}  Ke7 {[%clk 0:01:32]} 38. Kd5 {[%clk 0:00:41]}  Kd7 {[%clk 0:01:30]} 39. Na5 {[%clk 0:00:20]}  h5 {[%clk 0:01:24]} 40. c6+ {[%clk 0:00:19]}  Kc7 {[%clk 0:01:22]} 41. Ke6 {[%clk 0:00:17]}  g5 {[%clk 0:01:19]} 42. Kf5 {[%clk 0:00:17]}  Kb6 {[%clk 0:01:19]} 43. Nc4+ {[%clk 0:00:14]}  Kxc6 {[%clk 0:01:19]} 44. Nxe5+ {[%clk 0:00:08]}  fxe5 {[%clk 0:01:20]} 0-1

[Event "April 9 Early 2024"]
[Site "Chess.com"]
[Date "2024.04.09"]
[Round "5"]
[White "Kubicka, Anna"]
[Black "Kacharava, Nikolozi"]
[Result "1-0"]
[Board "129"]
[WhiteFideId "1152254"]
[BlackFideId "13611860"]
[WhiteTitle "WIM"]
[BlackTitle "GM"]
[WhiteElo "2494"]
[BlackElo "2633"]
[WhiteTeam "POL"]
[BlackTeam "GEO"]
[WhiteClock "0:00:19"]
[BlackClock "0:00:00"]
[Variant "Standard"]

1. e4 {[%clk 0:03:00]}  c5 {[%clk 0:02:53]} 2. Ne2 {[%clk 0:03:00]}  Nc6 {[%clk 0:02:51]} 3. g3 {[%clk 0:03:01]}  g6 {[%clk 0:02:51]} 4. Bg2 {[%clk 0:03:01]}  Bg7 {[%clk 0:02:51]} 5. O-O {[%clk 0:03:00]}  d6 {[%clk 0:02:49]} 6. c3 {[%clk 0:03:00]}  e5 {[%clk 0:02:49]} 7. Na3 {[%clk 0:03:00]}  Nge7 {[%clk 0:02:45]} 8. Nc2 {[%clk 0:03:01]}  Qb6 {[%clk 0:02:34]} 9. Rb1 {[%clk 0:02:57]}  Be6 {[%clk 0:02:31]} 10. b3 {[%clk 0:02:50]}  h5 {[%clk 0:02:30]} 11. Bb2 {[%clk 0:02:39]}  h4 {[%clk 0:02:18]} 12. d4 {[%clk 0:02:36]}  cxd4 {[%clk 0:02:09]} 13. cxd4 {[%clk 0:02:37]}  hxg3 {[%clk 0:02:06]} 14. d5 {[%clk 0:02:28]}  gxh2+ {[%clk 0:01:57]} 15. Kh1 {[%clk 0:02:28]}  Bh3 {[%clk 0:01:53]} 16. Bxh3 {[%clk 0:02:17]}  Rxh3 {[%clk 0:01:54]} 17. dxc6 {[%clk 0:02:13]}  Qxc6 {[%clk 0:01:40]} 18. Ng3 {[%clk 0:02:13]}  Nf5 {[%clk 0:01:25]} 19. Qd3 {[%clk 0:01:06]}  a5 {[%clk 0:00:34]} 20. Rbc1 {[%clk 0:01:01]}  Bh6 {[%clk 0:00:31]} 21. Nd4 {[%clk 0:00:51]}  Nxg3+ {[%clk 0:00:30]} 22. fxg3 {[%clk 0:00:47]}  Qd7 {[%clk 0:00:19]} 23. Nb5 {[%clk 0:00:38]}  Bxc1 {[%clk 0:00:11]} 24. Nxd6+ {[%clk 0:00:38]}  Kf8 {[%clk 0:00:10]} 25. Rxf7+ {[%clk 0:00:37]}  Qxf7 {[%clk 0:00:10]} 26. Nxf7 {[%clk 0:00:37]}  Bxb2 {[%clk 0:00:09]} 27. Ng5 {[%clk 0:00:26]}  Rh5 {[%clk 0:00:08]} 28. Qd6+ {[%clk 0:00:24]}  Ke8 {[%clk 0:00:06]} 29. Qxg6+ {[%clk 0:00:21]}  Ke7 {[%clk 0:00:06]} 30. Qxh5 {[%clk 0:00:20]}  Rf8 {[%clk 0:00:05]} 31. Qh7+ {[%clk 0:00:19]}  Kd6 {[%clk 0:00:05]} 32. Kxh2 {[%clk 0:00:19]}  Rf2+ {[%clk 0:00:05]} 33. Kh3 {[%clk 0:00:19]}  Bd4 {[%clk 0:00:06]} 34. Kg4 {[%clk 0:00:19]}  Rxa2 {[%clk 0:00:05]} 35. Qxb7 {[%clk 0:00:19]}  Rb2 {[%clk 0:00:04]} 36. Qd5+ {[%clk 0:00:19]}  Ke7 {[%clk 0:00:04]} 37. Qe6+ {[%clk 0:00:19]}  Kd8 {[%clk 0:00:04]} 38. Nf7+ {[%clk 0:00:19]}  Kc7 {[%clk 0:00:05]} 39. Nxe5 {[%clk 0:00:19]}  Bb6 {[%clk 0:00:00]} 40. Qc6+ {[%clk 0:00:19]} 1-0

[Event "April 9 Early 2024"]
[Site "Chess.com"]
[Date "2024.04.09"]
[Round "5"]
[White "Rogov, Matfey"]
[Black "Gutierrez Olivares, Daniel"]
[Result "1-0"]
[Board "130"]
[WhiteFideId "44191308"]
[BlackFideId "2264005"]
[WhiteTitle "CM"]
[BlackTitle "FM"]
[WhiteElo "2629"]
[BlackElo "2494"]
[WhiteTeam "RUS"]
[BlackTeam "ESP"]
[WhiteClock "0:00:46"]
[BlackClock "0:00:39"]
[Variant "Standard"]

1. e4 {[%clk 0:03:00]}  e6 {[%clk 0:02:51]} 2. d4 {[%clk 0:02:58]}  d5 {[%clk 0:02:49]} 3. Bd3 {[%clk 0:02:59]}  b6 {[%clk 0:02:41]} 4. c3 {[%clk 0:02:57]}  Nf6 {[%clk 0:02:36]} 5. e5 {[%clk 0:02:57]}  Nfd7 {[%clk 0:02:36]} 6. Ne2 {[%clk 0:02:55]}  Ba6 {[%clk 0:02:37]} 7. Bc2 {[%clk 0:02:49]}  c5 {[%clk 0:02:38]} 8. O-O {[%clk 0:02:47]}  Be7 {[%clk 0:02:37]} 9. f4 {[%clk 0:02:39]}  g6 {[%clk 0:02:30]} 10. Nd2 {[%clk 0:02:34]}  Nc6 {[%clk 0:02:24]} 11. Nf3 {[%clk 0:02:34]}  Qc7 {[%clk 0:02:16]} 12. a3 {[%clk 0:02:31]}  O-O-O {[%clk 0:02:02]} 13. b4 {[%clk 0:02:30]}  Bxe2 {[%clk 0:02:03]} 14. Qxe2 {[%clk 0:02:30]}  c4 {[%clk 0:02:04]} 15. a4 {[%clk 0:02:27]}  Rdg8 {[%clk 0:02:02]} 16. Ba3 {[%clk 0:02:15]}  Nd8 {[%clk 0:01:56]} 17. b5 {[%clk 0:02:10]}  Bxa3 {[%clk 0:01:54]} 18. Rxa3 {[%clk 0:02:11]}  Nb7 {[%clk 0:01:52]} 19. g4 {[%clk 0:01:47]}  h5 {[%clk 0:01:51]} 20. h3 {[%clk 0:01:41]}  hxg4 {[%clk 0:01:36]} 21. hxg4 {[%clk 0:01:41]}  Rh3 {[%clk 0:01:37]} 22. Kg2 {[%clk 0:01:35]}  Rgh8 {[%clk 0:01:36]} 23. Raa1 {[%clk 0:01:36]}  Qd8 {[%clk 0:01:25]} 24. Rh1 {[%clk 0:01:33]}  Rxh1 {[%clk 0:01:18]} 25. Rxh1 {[%clk 0:01:34]}  Rxh1 {[%clk 0:01:13]} 26. Kxh1 {[%clk 0:01:35]}  Qh8+ {[%clk 0:01:13]} 27. Qh2 {[%clk 0:01:35]}  Qxh2+ {[%clk 0:01:12]} 28. Kxh2 {[%clk 0:01:36]}  Kd8 {[%clk 0:01:12]} 29. f5 {[%clk 0:01:23]}  gxf5 {[%clk 0:01:12]} 30. gxf5 {[%clk 0:01:24]}  exf5 {[%clk 0:01:05]} 31. Kg3 {[%clk 0:01:24]}  Nf8 {[%clk 0:01:05]} 32. Nh4 {[%clk 0:01:15]}  Ng6 {[%clk 0:00:53]} 33. Nxf5 {[%clk 0:01:03]}  Kd7 {[%clk 0:00:54]} 34. Kg4 {[%clk 0:01:01]}  Ne7 {[%clk 0:00:51]} 35. Nh6 {[%clk 0:00:55]}  Ke6 {[%clk 0:00:50]} 36. Kg5 {[%clk 0:00:48]}  Ng8 {[%clk 0:00:47]} 37. Bf5+ {[%clk 0:00:45]}  Ke7 {[%clk 0:00:39]} 38. Nxg8+ {[%clk 0:00:46]} 1-0

[Event "April 9 Early 2024"]
[Site "Chess.com"]
[Date "2024.04.09"]
[Round "5"]
[White "Hua, Lefong"]
[Black "Hrbek, Stepan"]
[Result "1/2-1/2"]
[Board "132"]
[WhiteFideId "2602253"]
[BlackFideId "393479"]
[WhiteTitle "FM"]
[BlackTitle "IM"]
[WhiteElo "2614"]
[BlackElo "2491"]
[WhiteTeam "CAN"]
[BlackTeam "CZE"]
[WhiteClock "0:00:35"]
[BlackClock "0:00:08"]
[Variant "Standard"]

1. d4 {[%clk 0:03:00]}  Nf6 {[%clk 0:02:57]} 2. c4 {[%clk 0:03:01]}  d5 {[%clk 0:02:56]} 3. cxd5 {[%clk 0:03:00]}  c6 {[%clk 0:02:56]} 4. dxc6 {[%clk 0:02:55]}  Nxc6 {[%clk 0:02:57]} 5. Nf3 {[%clk 0:02:49]}  e5 {[%clk 0:02:57]} 6. e3 {[%clk 0:02:48]}  exd4 {[%clk 0:02:49]} 7. exd4 {[%clk 0:02:47]}  Bb4+ {[%clk 0:02:48]} 8. Nc3 {[%clk 0:02:45]}  O-O {[%clk 0:02:46]} 9. Be2 {[%clk 0:02:45]}  Bg4 {[%clk 0:02:46]} 10. O-O {[%clk 0:02:44]}  Nd5 {[%clk 0:02:35]} 11. Bd2 {[%clk 0:02:37]}  Be7 {[%clk 0:02:31]} 12. h3 {[%clk 0:02:29]}  Bh5 {[%clk 0:02:31]} 13. Nxd5 {[%clk 0:02:21]}  Qxd5 {[%clk 0:02:30]} 14. Be3 {[%clk 0:02:19]}  Rfd8 {[%clk 0:02:21]} 15. Qb3 {[%clk 0:02:15]}  Qxb3 {[%clk 0:02:15]} 16. axb3 {[%clk 0:02:16]}  Bf6 {[%clk 0:02:05]} 17. Rfd1 {[%clk 0:01:59]}  Bxf3 {[%clk 0:01:59]} 18. Bxf3 {[%clk 0:01:59]}  Nxd4 {[%clk 0:02:00]} 19. Bxd4 {[%clk 0:01:47]}  Bxd4 {[%clk 0:01:53]} 20. Kf1 {[%clk 0:01:36]}  Kf8 {[%clk 0:01:03]} 21. Ra4 {[%clk 0:01:03]}  Bb6 {[%clk 0:00:55]} 22. Rxd8+ {[%clk 0:01:02]}  Rxd8 {[%clk 0:00:56]} 23. Ke2 {[%clk 0:00:59]}  Rd7 {[%clk 0:00:42]} 24. Rc4 {[%clk 0:00:57]}  Bd4 {[%clk 0:00:33]} 25. Bxb7 {[%clk 0:00:51]}  Rxb7 {[%clk 0:00:20]} 26. Rxd4 {[%clk 0:00:51]}  Rxb3 {[%clk 0:00:20]} 27. Rd2 {[%clk 0:00:51]}  Ke7 {[%clk 0:00:20]} 28. h4 {[%clk 0:00:51]}  h5 {[%clk 0:00:14]} 29. g3 {[%clk 0:00:51]}  g6 {[%clk 0:00:15]} 30. Rc2 {[%clk 0:00:50]}  Kd6 {[%clk 0:00:14]} 31. Kf1 {[%clk 0:00:49]}  a5 {[%clk 0:00:13]} 32. Ke1 {[%clk 0:00:47]}  f6 {[%clk 0:00:10]} 33. Kf1 {[%clk 0:00:45]}  g5 {[%clk 0:00:09]} 34. hxg5 {[%clk 0:00:45]}  fxg5 {[%clk 0:00:10]} 35. Kg2 {[%clk 0:00:45]}  Ke6 {[%clk 0:00:09]} 36. Rc5 {[%clk 0:00:44]}  Kf6 {[%clk 0:00:08]} 37. Rc6+ {[%clk 0:00:39]}  Kf5 {[%clk 0:00:07]} 38. Rc5+ {[%clk 0:00:40]}  Kf6 {[%clk 0:00:05]} 39. Rc2 {[%clk 0:00:37]}  h4 {[%clk 0:00:05]} 40. Kh3 {[%clk 0:00:33]}  hxg3 {[%clk 0:00:04]} 41. fxg3 {[%clk 0:00:34]}  Kf5 {[%clk 0:00:04]} 42. Rc5+ {[%clk 0:00:35]}  Kg6 {[%clk 0:00:04]} 43. Rxa5 {[%clk 0:00:31]}  Rxb2 {[%clk 0:00:04]} 44. Ra4 {[%clk 0:00:32]}  Rc2 {[%clk 0:00:04]} 45. Kg4 {[%clk 0:00:32]}  Rc6 {[%clk 0:00:03]} 46. Rd4 {[%clk 0:00:32]}  Rb6 {[%clk 0:00:03]} 47. Rc4 {[%clk 0:00:32]}  Ra6 {[%clk 0:00:04]} 48. Re4 {[%clk 0:00:32]}  Rc6 {[%clk 0:00:04]} 49. Rb4 {[%clk 0:00:33]}  Rd6 {[%clk 0:00:04]} 50. Rc4 {[%clk 0:00:33]}  Rb6 {[%clk 0:00:04]} 51. Ra4 {[%clk 0:00:33]}  Rc6 {[%clk 0:00:05]} 52. Ra5 {[%clk 0:00:34]}  Rc4+ {[%clk 0:00:05]} 53. Kf3 {[%clk 0:00:34]}  Kh5 {[%clk 0:00:05]} 54. Ra8 {[%clk 0:00:33]}  Rc3+ {[%clk 0:00:06]} 55. Kg2 {[%clk 0:00:32]}  Kg4 {[%clk 0:00:07]} 56. Ra4+ {[%clk 0:00:32]}  Kh5 {[%clk 0:00:07]} 57. Kh3 {[%clk 0:00:32]}  Rb3 {[%clk 0:00:07]} 58. Ra8 {[%clk 0:00:32]}  g4+ {[%clk 0:00:06]} 59. Kg2 {[%clk 0:00:32]}  Rb2+ {[%clk 0:00:07]} 60. Kf1 {[%clk 0:00:32]}  Kg5 {[%clk 0:00:08]} 61. Ra5+ {[%clk 0:00:32]}  Kf6 {[%clk 0:00:08]} 62. Ra4 {[%clk 0:00:32]}  Kf5 {[%clk 0:00:08]} 63. Ra5+ {[%clk 0:00:33]}  Ke4 {[%clk 0:00:08]} 64. Ra3 {[%clk 0:00:33]}  Rd2 {[%clk 0:00:08]} 65. Kg1 {[%clk 0:00:32]}  Rd3 {[%clk 0:00:08]} 66. Ra1 {[%clk 0:00:30]}  Kf3 {[%clk 0:00:08]} 67. Rf1+ {[%clk 0:00:29]}  Kxg3 {[%clk 0:00:08]} 68. Ra1 {[%clk 0:00:30]}  Rb3 {[%clk 0:00:08]} 69. Rc1 {[%clk 0:00:30]}  Kf3 {[%clk 0:00:07]} 70. Rd1 {[%clk 0:00:30]}  Re3 {[%clk 0:00:07]} 71. Rf1+ {[%clk 0:00:30]}  Ke2 {[%clk 0:00:06]} 72. Ra1 {[%clk 0:00:30]}  Kf3 {[%clk 0:00:06]} 73. Rf1+ {[%clk 0:00:29]}  Kg3 {[%clk 0:00:06]} 74. Ra1 {[%clk 0:00:30]}  Kh3 {[%clk 0:00:04]} 75. Rb1 {[%clk 0:00:30]}  Rd3 {[%clk 0:00:03]} 76. Rc1 {[%clk 0:00:29]}  Kg3 {[%clk 0:00:03]} 77. Rb1 {[%clk 0:00:30]}  Kf3 {[%clk 0:00:03]} 78. Rc1 {[%clk 0:00:30]}  Re3 {[%clk 0:00:04]} 79. Rb1 {[%clk 0:00:30]}  Ke2 {[%clk 0:00:03]} 80. Kg2 {[%clk 0:00:30]}  g3 {[%clk 0:00:03]} 81. Rb2+ {[%clk 0:00:30]}  Ke1 {[%clk 0:00:03]} 82. Rb8 {[%clk 0:00:29]}  Ke2 {[%clk 0:00:03]} 83. Rc8 {[%clk 0:00:29]}  Kd2 {[%clk 0:00:04]} 84. Rd8+ {[%clk 0:00:29]}  Rd3 {[%clk 0:00:04]} 85. Rf8 {[%clk 0:00:30]}  Kc2 {[%clk 0:00:04]} 86. Re8 {[%clk 0:00:30]}  Rc3 {[%clk 0:00:05]} 87. Rd8 {[%clk 0:00:31]}  Kb2 {[%clk 0:00:05]} 88. Rb8+ {[%clk 0:00:31]}  Kc2 {[%clk 0:00:05]} 89. Re8 {[%clk 0:00:32]}  Kd2 {[%clk 0:00:06]} 90. Rd8+ {[%clk 0:00:32]}  Rd3 {[%clk 0:00:06]} 91. Rf8 {[%clk 0:00:33]}  Ke2 {[%clk 0:00:07]} 92. Re8+ {[%clk 0:00:33]}  Re3 {[%clk 0:00:07]} 93. Ra8 {[%clk 0:00:34]}  Kd2 {[%clk 0:00:07]} 94. Ra7 {[%clk 0:00:34]}  Kd3 {[%clk 0:00:08]} 95. Ra3+ {[%clk 0:00:34]}  Ke4 {[%clk 0:00:08]} 96. Ra2 {[%clk 0:00:35]}  Kf4 {[%clk 0:00:08]} 97. Ra4+ {[%clk 0:00:34]}  Kg5 {[%clk 0:00:08]} 98. Rb4 {[%clk 0:00:34]}  Rd3 {[%clk 0:00:08]} 99. Kh3 {[%clk 0:00:34]}  Kf5 {[%clk 0:00:08]} 100. Ra4 {[%clk 0:00:34]}  Re3 {[%clk 0:00:08]} 101. Kg2 {[%clk 0:00:34]}  Re4 {[%clk 0:00:08]} 102. Rxe4 {[%clk 0:00:34]}  Kxe4 {[%clk 0:00:08]} 103. Kxg3 {[%clk 0:00:35]} 1/2-1/2

[Event "April 9 Early 2024"]
[Site "Chess.com"]
[Date "2024.04.09"]
[Round "5"]
[White "Garv Gaur"]
[Black "Velikanov, Alexander"]
[Result "0-1"]
[Board "133"]
[WhiteFideId "45030839"]
[BlackFideId "2039290"]
[WhiteTitle "FM"]
[BlackTitle "IM"]
[WhiteElo "2490"]
[BlackElo "2611"]
[WhiteTeam "IND"]
[BlackTeam "USA"]
[WhiteClock "0:00:03"]
[BlackClock "0:00:17"]
[Variant "Standard"]

1. Nf3 {[%clk 0:03:00]}  Nf6 {[%clk 0:03:00]} 2. e3 {[%clk 0:02:51]}  g6 {[%clk 0:03:01]} 3. c4 {[%clk 0:02:48]}  Bg7 {[%clk 0:03:02]} 4. d4 {[%clk 0:02:48]}  O-O {[%clk 0:03:03]} 5. Nc3 {[%clk 0:02:48]}  d6 {[%clk 0:03:04]} 6. Be2 {[%clk 0:02:48]}  Nbd7 {[%clk 0:03:05]} 7. O-O {[%clk 0:02:48]}  e5 {[%clk 0:03:06]} 8. Qc2 {[%clk 0:02:47]}  Re8 {[%clk 0:03:07]} 9. Rd1 {[%clk 0:02:46]}  c6 {[%clk 0:03:07]} 10. b3 {[%clk 0:02:46]}  Qe7 {[%clk 0:03:03]} 11. dxe5 {[%clk 0:02:44]}  Nxe5 {[%clk 0:03:03]} 12. Nxe5 {[%clk 0:02:41]}  dxe5 {[%clk 0:03:04]} 13. e4 {[%clk 0:02:39]}  Nd7 {[%clk 0:03:03]} 14. a4 {[%clk 0:02:38]}  Nf8 {[%clk 0:02:55]} 15. Ba3 {[%clk 0:02:35]}  Qg5 {[%clk 0:02:54]} 16. Bc1 {[%clk 0:02:06]}  Qf6 {[%clk 0:02:45]} 17. Be3 {[%clk 0:01:43]}  Ne6 {[%clk 0:02:45]} 18. Bf1 {[%clk 0:01:32]}  Nd4 {[%clk 0:02:43]} 19. Qb2 {[%clk 0:01:32]}  a5 {[%clk 0:02:12]} 20. Ne2 {[%clk 0:01:32]}  Rd8 {[%clk 0:02:02]} 21. Rd2 {[%clk 0:01:22]}  Bg4 {[%clk 0:01:49]} 22. Nc3 {[%clk 0:01:01]}  Bf8 {[%clk 0:01:24]} 23. h3 {[%clk 0:01:00]}  Bxh3 {[%clk 0:01:15]} 24. gxh3 {[%clk 0:00:59]}  Nf3+ {[%clk 0:01:16]} 25. Kh1 {[%clk 0:00:56]}  Nxd2 {[%clk 0:01:16]} 26. Bxd2 {[%clk 0:00:49]}  Qxf2 {[%clk 0:01:16]} 27. Rd1 {[%clk 0:00:32]}  Bc5 {[%clk 0:00:59]} 28. Bg2 {[%clk 0:00:26]}  Rd3 {[%clk 0:00:59]} 29. Nb1 {[%clk 0:00:05]}  Rg3 {[%clk 0:00:49]} 30. Bc1 {[%clk 0:00:04]}  Rxh3+ {[%clk 0:00:24]} 31. Bxh3 {[%clk 0:00:04]}  Qf3+ {[%clk 0:00:25]} 32. Bg2 {[%clk 0:00:04]}  Qxd1+ {[%clk 0:00:25]} 33. Kh2 {[%clk 0:00:05]}  Bg1+ {[%clk 0:00:24]} 34. Kh3 {[%clk 0:00:05]}  Qd3+ {[%clk 0:00:24]} 35. Kg4 {[%clk 0:00:03]}  h5+ {[%clk 0:00:22]} 36. Kg5 {[%clk 0:00:03]}  Qg3+ {[%clk 0:00:20]} 37. Kf6 {[%clk 0:00:04]}  Re8 {[%clk 0:00:18]} 38. Bg5 {[%clk 0:00:03]}  Re6# {[%clk 0:00:17]} 0-1